Autoría y participación en delitos de infracción de deber: una investigación aplicable al derecho penal de los negocios
Na minha lista:
| Autor principal: | |
|---|---|
| Formato: | Livro |
| Idioma: | espanhol |
| Publicado em: |
Madrid
Marcial Pons
2007
|
| Assuntos: | |
| Tags: |
Adicionar Tag
Sem tags, seja o primeiro a adicionar uma tag!
|
MARC
| LEADER | 00000nam a2200000 a 4500 | ||
|---|---|---|---|
| 001 | UCI7287 | ||
| 003 | CL-VaPUC | ||
| 008 | 080619e20070000SP |||||||||||||||||spa|d | ||
| 020 | |a 9788497684866 | ||
| 082 | 0 | 4 | |a 345.4604 |b BAC |2 21 |
| 100 | 0 | |a Bacigalupo Saggese, Silvina |e author |9 530463 | |
| 245 | 1 | 0 | |a Autoría y participación en delitos de infracción de deber: una investigación aplicable al derecho penal de los negocios |
| 300 | |a 199 p | ||
| 942 | |c BK | ||
| 945 | |d 20080619 00:00:00 |a jtorresc | ||
| 260 | |a Madrid |b Marcial Pons |c 2007 | ||
| 650 | 0 | |a Autores (Derecho penal) |9 388591 | |
| 650 | 7 | |a RESPONSABILIDAD CIVIL |2 CL-VaPUC |9 530465 | |
| 650 | 0 | |a Teoría del delito |9 258906 | |
| 650 | 7 | |a DERECHO PENAL |2 CL-VaPUC |9 11 | |
| 583 | |a last modification |c 20190722 11:47:45 |k Rodrigo Vera | ||
| 999 | |c 330610 |d 330608 | ||
| 952 | |0 0 |1 0 |4 0 |6 345_460400000000000_BAC_2007 |7 0 |8 A |9 416234 |a BIBDER |b BIBDER |d 2019-11-22 |i 4451163 |l 4 |o 345.4604 BAC 2007 |p 4451163 |r 2024-11-06 |s 2024-11-05 |w 2019-11-22 |y BK |k DER | ||